<?xml version="1.0" encoding="UTF-8"?>
<record
    xmlns:xsi="http://www.w3.org/2001/XMLSchema-instance"
    xsi:schemaLocation="http://www.loc.gov/MARC21/slim http://www.loc.gov/standards/marcxml/schema/MARC21slim.xsd"
    xmlns="http://www.loc.gov/MARC21/slim">

  <leader>01899nam a22001937a 4500</leader>
  <controlfield tag="003">OSt</controlfield>
  <controlfield tag="005">20250521151424.0</controlfield>
  <controlfield tag="008">230516b        |||||||| |||| 00| 0 eng d</controlfield>
  <datafield tag="040" ind1=" " ind2=" ">
    <subfield code="a">CO-JMCR</subfield>
    <subfield code="b">spa</subfield>
    <subfield code="c">CO-JMCR</subfield>
  </datafield>
  <datafield tag="082" ind1="0" ind2="4">
    <subfield code="b">A-N</subfield>
    <subfield code="2">STEu</subfield>
  </datafield>
  <datafield tag="245" ind1="1" ind2="4">
    <subfield code="a">Las uvas de la ira / </subfield>
    <subfield code="c">John Steinbeck</subfield>
  </datafield>
  <datafield tag="250" ind1=" " ind2=" ">
    <subfield code="a">Edici&#xF3;n Centenario Steinbeck</subfield>
  </datafield>
  <datafield tag="260" ind1=" " ind2=" ">
    <subfield code="a">[New York] : </subfield>
    <subfield code="b">Penguin Books, </subfield>
    <subfield code="c">1939</subfield>
  </datafield>
  <datafield tag="300" ind1=" " ind2=" ">
    <subfield code="a">520 p&#xE1;ginas ; </subfield>
    <subfield code="c">22 cm.</subfield>
  </datafield>
  <datafield tag="520" ind1=" " ind2=" ">
    <subfield code="a">Las uvas de la ira es un hito en la literatura norteamericana que explora el conflicto entre ricos y pobres, analiza la reacci&#xF3;n feroz de un hombre contra la injusticia y el estoicismo de una mujer igualmente her&#xF3;ica, y refleja los horrores de la Gran Depresi&#xF3;n. Aunque sigue la migraci&#xF3;n de miles de personas del Dust Bowl, Las uvas de la ira se enfoca en la historia de una familia de Oklahoma, los Joads, echados de su hogar y forzados a viajar rumbo a esa Tierra Prometida que era por ese entonces - y que de alg&#xFA;n modo sigue siendo - California. De sus desventuras en un pa&#xED;s dividido surge un drama sobre la dignidad humana, a un tiempo tr&#xE1;gico y majestuoso en su grandeza y su valent&#xED;a moral.

Publicada por primera vez en 1939, la novela reflej&#xF3; su &#xE9;poca como Uncle's Tom's Cabin reflej&#xF3; los a&#xF1;os antes de la Guerra Civil norteamericana. John Steinbeck, un escritor que simpatizaba con la cr&#xED;tica fascista y comunista, insisti&#xF3; en que la versi&#xF3;n integral del "Himno de batalla de la Rep&#xFA;blica" fuese impresa en la primera edici&#xF3;n del libro, que adopta en su t&#xED;tulo unas palabras del primer verso: "Est&#xE1; pisoteando la vendimia donde se conservan las uvas de la ira." La cr&#xF3;nica de Steinbeck sobre el avergonzante maltrato de las clases sociales de los a&#xF1;os treinta es tal vez el m&#xE1;s "americano" de todos los cl&#xE1;sicos americanos.</subfield>
  </datafield>
  <datafield tag="546" ind1=" " ind2=" ">
    <subfield code="a">Traducido del ingl&#xE9;s</subfield>
  </datafield>
  <datafield tag="600" ind1="1" ind2=" ">
    <subfield code="a">Steinbeck, John</subfield>
    <subfield code="d">1902-1968</subfield>
    <subfield code="9">42735</subfield>
  </datafield>
  <datafield tag="942" ind1=" " ind2=" ">
    <subfield code="2">ddc</subfield>
    <subfield code="c">BK</subfield>
  </datafield>
  <datafield tag="999" ind1=" " ind2=" ">
    <subfield code="c">30020</subfield>
    <subfield code="d">16404</subfield>
  </datafield>
  <datafield tag="952" ind1=" " ind2=" ">
    <subfield code="0">0</subfield>
    <subfield code="1">0</subfield>
    <subfield code="2">ddc</subfield>
    <subfield code="4">0</subfield>
    <subfield code="7">0</subfield>
    <subfield code="8">FIC</subfield>
    <subfield code="a">CPL</subfield>
    <subfield code="b">CPL</subfield>
    <subfield code="c">FIC</subfield>
    <subfield code="d">2023-05-16</subfield>
    <subfield code="e">Donaci&#xF3;n </subfield>
    <subfield code="l">2</subfield>
    <subfield code="m">3</subfield>
    <subfield code="o">A-N STEu</subfield>
    <subfield code="p">201812079</subfield>
    <subfield code="r">2023-07-17 00:00:00</subfield>
    <subfield code="s">2023-06-22</subfield>
    <subfield code="t">Ej.1</subfield>
    <subfield code="w">2023-05-16</subfield>
    <subfield code="y">BK</subfield>
  </datafield>
</record>
